[Event "Kragero Resort International 2022"]
[Site "Kragero"]
[Date "2022.02.26"]
[Round "7.18"]
[White "Sjoberg, Isak"]
[Black "Thorhallsson, Simon"]
[Result "0-1"]
[WhiteElo "2322"]
[BlackElo "2245"]
[Annotator "NA"]
[PlyCount "94"]
[EventDate "2022.02.23"]
[EventType "swiss"]
[EventCountry "NOR"]
[SourceTitle "playchess.com"]
[Source "ChessBase"]
[SourceQuality "1"]
[TimeControl "5400+30"]

1. e4 {[%emt 0:00:03]} c5 {[%emt 0:00:06]} 2. Nf3 {[%emt 0:00:06]} d6 {[%emt 0:00:05]} 3. d4 {[%emt 0:01:52]} cxd4 {[%emt 0:00:06]} 4. Nxd4 {[%emt 0:00:05]} Nf6 {[%emt 0:00:05]} 5. Nc3 {[%emt 0:00:04]} a6 {[%emt 0:00:13]} 6. Bc4 {[%emt 0:00:47]} e6 {[%emt 0:00:10]} 7. Bb3 {[%emt 0:00:04]} b5 {[%emt 0:01:04]} 8. O-O {[%emt 0:04:09]} Be7 {[%emt 0:01:21]} 9. Qf3 {[%emt 0:00:51]} Qb6 {[%emt 0:02:56]} 10. Be3 {[%emt 0:05:00]} Qb7 {[%emt 0:01:46]} 11. Qg3 {[%emt 0:07:33]} Nbd7 {[%emt 0:12:48]} (11... O-O $11) 12. f3 {[%emt 0:15:03]} O-O {[%emt 0:07:59] [#]} (12... Nh5 $11 {feels stronger.} 13. Qh3 Nhf6) 13. Kh1 {[%emt 0:05:18]} ({White should play} 13. Nd5 $1 $14 Nxd5 14. exd5) 13... Nc5 {[%emt 0:03:15]} 14. Rad1 {[%emt 0:05:44]} (14. a3 $11 {feels stronger.}) 14... Bd7 $15 {[%emt 0:01:46]} 15. Bh6 {[%emt 0:08:29]} Ne8 {[%emt 0:01:37]} 16. Bg5 {[%emt 0:07:12]} Bxg5 {[%emt 0:04:18]} 17. Qxg5 {[%emt 0:00:05]} a5 {[%emt 0:06:03]} 18. a3 {[%emt 0:04:19]} a4 {[%emt 0:02:41]} 19. Ba2 {[%emt 0:03:06]} b4 {[%emt 0:02:11]} 20. axb4 {[%emt 0:00:48]} Qxb4 {[%emt 0:00:08]} 21. Qd2 {[%emt 0:00:55]} Rc8 {[%emt 0:10:27]} 22. Rb1 {[%emt 0:04:29]} Nc7 {[%emt 0:01:36]} 23. Rfd1 {[%emt 0:00:43]} Rfd8 {[%emt 0:03:02]} 24. Nde2 {[%emt 0:02:31]} Be8 {[%emt 0:02:31]} 25. Qf4 {[%emt 0:01:47]} Nb5 {[%emt 0:05:15]} 26. h4 {[%emt 0:02:11]} Nxc3 {[%emt 0:01:54]} 27. Nxc3 {[%emt 0:00:44]} a3 {[%emt 0:03:58]} 28. Qc1 {[%emt 0:05:23]} Rb8 {[%emt 0:01:17]} 29. Bb3 {[%emt 0:01:45]} Nxb3 {[%emt 0:03:08]} 30. cxb3 {[%emt 0:00:05]} Rdc8 {[%emt 0:01:25]} 31. Qd2 {[%emt 0:02:31]} axb2 {[%emt 0:01:18]} 32. Ne2 {[%emt 0:02:11]} Qxb3 {[%emt 0:00:24]} 33. Qxd6 {[%emt 0:00:32]} Qc2 {[%emt 0:03:58]} 34. Nd4 {[%emt 0:04:15]} Qf2 {[%emt 0:00:51]} 35. Qf4 {[%emt 0:00:07]} h6 {[%emt 0:01:19]} 36. Kh2 {[%emt 0:01:15]} Rb4 {[%emt 0:10:59]} 37. Rd2 {[%emt 0:01:45]} e5 {[%emt 0:00:14]} 38. Rxf2 {[%emt 0:00:34]} exf4 {[%emt 0:00:06]} 39. Nf5 {[%emt 0:01:58]} Rcb8 {[%emt 0:00:06]} 40. Ne7+ {[%emt 0:00:10]} Kf8 {[%emt 0:00:24]} 41. Nd5 {[%emt 0:00:02]} Rb3 {[%emt 0:00:50]} 42. Nxf4 {[%emt 0:00:17]} R8b4 {[%emt 0:03:44]} 43. Rd2 {[%emt 0:01:03]} Bc6 {[%emt 0:00:56]} 44. Ne2 {[%emt 0:01:37]} Bb5 {[%emt 0:01:08]} 45. Nf4 {[%emt 0:00:38]} Bc4 {[%emt 0:00:53]} 46. h5 {[%emt 0:01:06]} Rb8 {[%emt 0:00:24]} 47. Ne2 {[%emt 0:02:11]} Bd3 {[%emt 0:00:14]} 0-1

[Event "Kragero Resort International 2022"]
[Site "Kragero"]
[Date "2022.02.26"]
[Round "7.19"]
[White "Abdrlauf, Elham"]
[Black "Gjestemoen-VonHirsch, Andre"]
[Result "1-0"]
[WhiteElo "2343"]
[BlackElo "2243"]
[Annotator "NA"]
[PlyCount "85"]
[EventDate "2022.02.23"]
[EventType "swiss"]
[EventCountry "NOR"]
[SourceTitle "playchess.com"]
[Source "ChessBase"]
[SourceQuality "1"]
[TimeControl "5400+30"]

1. e4 {[%emt 0:00:07]} c5 {[%emt 0:00:05]} 2. Nc3 {[%emt 0:00:05]} Nc6 {[%emt 0:01:04]} 3. Nf3 {[%emt 0:00:07]} g6 {[%emt 0:00:04]} 4. g3 {[%emt 0:02:40]} Bg7 {[%emt 0:00:06]} 5. Bg2 {[%emt 0:00:08]} d6 {[%emt 0:00:36]} 6. O-O {[%emt 0:00:15]} e5 {[%emt 0:02:39]} 7. d3 {[%emt 0:05:10]} Nge7 {[%emt 0:00:10]} 8. Nd2 {[%emt 0:03:41]} Be6 {[%emt 0:06:11]} 9. Nc4 {[%emt 0:03:05]} d5 {[%emt 0:08:19]} 10. exd5 {[%emt 0:02:29]} Nxd5 {[%emt 0:00:09]} 11. Ne4 {[%emt 0:01:21]} Qe7 {[%emt 0:05:29]} (11... b6 $1 $11 {remains equal.}) 12. Ncd6+ {[%emt 0:18:16]} Kf8 {[%emt 0:02:18]} 13. c4 {[%emt 0:00:04]} Nf6 $16 {[%emt 0:11:54]} 14. Bg5 {[%emt 0:02:35]} h6 {[%emt 0:06:23]} 15. Bxf6 {[%emt 0:00:18]} Bxf6 {[%emt 0:00:11]} 16. Nxb7 {[%emt 0:00:24]} Qxb7 {[%emt 0:02:10]} 17. Nxc5 {[%emt 0:04:36]} Qc8 {[%emt 0:15:28]} 18. Qf3 {[%emt 0:00:20]} Ke7 {[%emt 0:00:03]} 19. Nxe6 {[%emt 0:00:36]} Qxe6 {[%emt 0:00:04]} 20. Qxc6 {[%emt 0:00:05]} Qxc6 {[%emt 0:00:04]} 21. Bxc6 {[%emt 0:00:04]} Rab8 {[%emt 0:00:11]} 22. b3 {[%emt 0:03:05]} Kd6 {[%emt 0:02:28]} 23. Bd5 {[%emt 0:00:15]} Rhf8 {[%emt 0:00:13]} 24. Rae1 {[%emt 0:02:12]} Bd8 {[%emt 0:00:27]} 25. f4 {[%emt 0:00:45]} Bb6+ {[%emt 0:00:17]} 26. Kg2 {[%emt 0:00:07]} f6 {[%emt 0:01:20]} 27. fxe5+ {[%emt 0:02:11]} fxe5 {[%emt 0:00:05]} 28. b4 {[%emt 0:00:03]} a5 {[%emt 0:10:37]} 29. a3 {[%emt 0:00:57]} axb4 {[%emt 0:01:02]} 30. axb4 {[%emt 0:00:04]} Bd4 {[%emt 0:00:03]} 31. Rxf8 {[%emt 0:10:49]} Rxf8 {[%emt 0:00:03]} 32. Bf3 {[%emt 0:00:05]} Rb8 {[%emt 0:00:50]} 33. Rb1 {[%emt 0:00:09]} Ke7 {[%emt 0:04:38]} 34. Be4 {[%emt 0:01:24]} g5 {[%emt 0:00:30]} 35. Kh3 {[%emt 0:04:15]} Bc5 {[%emt 0:04:42]} 36. b5 {[%emt 0:00:12]} Rb6 {[%emt 0:01:39]} 37. Bc6 {[%emt 0:00:40]} Rb8 {[%emt 0:01:44]} 38. Kg4 {[%emt 0:02:11]} Bd4 {[%emt 0:00:21]} 39. Kh5 {[%emt 0:02:01]} Kf6 {[%emt 0:01:07]} 40. Rf1+ {[%emt 0:00:10]} Kg7 {[%emt 0:00:05]} 41. Bd5 {[%emt 0:00:07]} Rb6 {[%emt 0:02:49]} 42. Rf7+ {[%emt 0:00:22]} Kh8 {[%emt 0:00:03]} 43. Bc6 {[%emt 0:00:44]} 1-0

[Event "Kragero Resort International 2022"]
[Site "Kragero"]
[Date "2022.02.26"]
[Round "7.20"]
[White "Rozum, Ivan"]
[Black "Skotheim, Andreas"]
[Result "1-0"]
[WhiteElo "2537"]
[BlackElo "2181"]
[Annotator "TA"]
[PlyCount "139"]
[EventDate "2022.02.23"]
[EventType "swiss"]
[EventCountry "NOR"]
[SourceTitle "playchess.com"]
[Source "ChessBase"]
[SourceQuality "1"]

{[%evp 12,139,18,17,28,33,31,25,39,40,19,28,50,12,22,11,24,10,21,27,78,82,72,73,73,55,68,59,74,54,52,72,82,74,123,32,32,32,32,25,36,34,89,39,60,29,85,110,231,233,278,259,294,313,285,279,280,283,298,295,275,283,249,0,8,8,8,8,8,8,8,8,8,8,8,8,8,8,8,8,8,8,8,8,8,8,8,8,8,0,0,0,0,0,0,0,0,0,0,0,0,0,20,14,12,11,10,14,16,0,0,0,0,0,0,0,0,0,0,0,0,0,0,0,29988,29989,29994,29995,29995,29996]} 1. Nf3 Nf6 2. g3 b6 3. Bg2 Bb7 4. c4 g6 5. d4 Bg7 6. O-O O-O 7. d5 {7.Re1 is setting a new trend.} Na6 {[%cal Bb8a6,Ba6c5,Bc5e4][%mdl 32] A50: Queen's Fianchetto Defence (1 d4 Nf6 2 c4 b6).} 8. Nc3 Nc5 {To avoid e4} 9. Rb1 {[#]} Nfe4 $146 {White has an edge.} ({Predecessor:} 9... a5 10. Nd4 e5 11. Ndb5 d6 12. b3 Nfd7 13. a3 Bc8 14. b4 Nb7 15. e4 f5 {1-0 (29) Santiago Vilca,C (2230)-Cantero,R (2068) Asuncion 2018}) 10. Nxe4 Nxe4 11. Qc2 f5 12. Bf4 c6 13. dxc6 Bxc6 14. Rfd1 (14. Rbd1 $5 {[%cal Rf3g5]}) 14... Qe8 15. Ne5 d6 (15... Bxe5 $11 16. Bxe5 d6) 16. Nxc6 $16 Qxc6 17. Rbc1 Rac8 18. b3 Rfd8 19. Qb1 h6 20. Be3 e6 21. Bf4 Kh7 22. h4 Bf6 ({Black should play} 22... a5) 23. Qd3 (23. b4 $16) 23... g5 $14 24. hxg5 hxg5 25. Be3 {[%cal Og3g4]} g4 26. Bf4 Kg6 (26... Bb2 $1 $14) 27. Qb1 (27. Bxe4 $16 fxe4 28. Qb1) 27... Rd7 28. b4 (28. Rd3 $5 {[%cal Rb3b4]}) 28... Rcd8 (28... Rh8 $11 {keeps the balance.}) 29. Rd3 $1 $16 {[%cal Bd1d3,Bd3e3,Be3e4,Be4e3][%mdl 32]} b5 (29... e5 $16) 30. Re3 $1 $18 {[%cal Re3e4] Strongly threatening Rxe4.} d5 31. cxd5 Qxd5 {[%cal Od5d1]} 32. Rxe4 (32. Bxe4 fxe4 33. Rxe4 (33. Qxe4+ Qxe4 34. Rxe4 e5 $11) 33... Kf7 $16) 32... Qd1+ 33. Bf1 Qd5 34. Re3 ({Much less strong is} 34. Bg2 $6 Qd1+ 35. Bf1 Qd5 $16) 34... Rh7 {[%csl Gd5][%cal Rh7h1]} 35. Bg2 {Inhibits Rh1+.} Rdh8 {[%cal Oh7h1] ( -> ...Rh1+!)} 36. f3 (36. Bxd5 exd5 37. Qxf5+ Kxf5 38. Re5+ Bxe5 $19) 36... Bd4 {[#] To avoid Rc5} 37. Kf2 ({Not} 37. fxg4 $2 {[#]} Rh1+ $1 {[%mdl 512]} 38. Kf2 R8h2 39. gxf5+ Kf6 $19) ({White has to play} 37. Rc5 $1 $18 {[%cal Rc5d5]} Bxc5 38. bxc5 gxf3 39. exf3) 37... e5 $36 {[%mdl 2048] [#] Black has some pressure.} 38. fxg4 $1 Qxg2+ $1 39. Kxg2 {[%cal Bf2g2,Bg2f3,Bf3e4,Be4e3,Be3d4][%mdl 32] Dancing on a razor blade.} Rh2+ 40. Kf3 e4+ {[#]} 41. Qxe4 $1 fxe4+ 42. Kxe4 Bxe3 43. Rc6+ Kf7 44. Rc7+ Kg6 45. Kxe3 $11 {[%mdl 4096] Endgame Threatens to win with Be5. KRR-KRB} Re8+ 46. Kd4 Rhxe2 47. Rxa7 {And now Kc5 would win.} Rc2 48. Ra6+ Kf7 49. a3 Rd8+ 50. Ke4 Re2+ 51. Kf3 Re6 52. Ra7+ Kg6 53. g5 Kf5 54. Rf7+ Kg6 55. Rb7 Rd5 56. Kg4 Ra6 57. Rb8 Rxa3 58. Rb6+ Kg7 59. Kh5 {Rb7+ is the strong threat.} Ra7 {To avoid Rb7+} 60. Be3 {Hoping for Rg6+.} Re7 61. Bc5 Ree5 62. Rb7+ Kg8 63. Be7 Re6 $1 64. Kh4 Re4+ 65. g4 Re6 66. Bf6 Rc6 67. Kg3 Rc4 $2 {[%mdl 8192]} (67... Re6 $11) 68. g6 {White mates.} Rc8 69. Rh7 {[%csl Gf6][%cal Rh7h8]} Rc3+ 70. Kh4 {Weighted Error Value: White=0.13 (very precise) /Black=0.10 (very precise)} 1-0

[Event "Kragero Resort International 2022"]
[Site "Kragero"]
[Date "2022.02.26"]
[Round "7.21"]
[White "Melaa, Sondre"]
[Black "Vrolijk, Liam"]
[Result "0-1"]
[WhiteElo "2138"]
[BlackElo "2480"]
[Annotator "TA"]
[PlyCount "37"]
[EventDate "2022.02.23"]
[EventType "swiss"]
[EventCountry "NOR"]
[SourceTitle "playchess.com"]
[Source "ChessBase"]
[SourceQuality "1"]

{[%evp 20,21,25,26]} 1. e4 e5 2. Nf3 Nc6 3. Bb5 a6 4. Ba4 Nf6 5. O-O Nxe4 6. Re1 Nc5 7. Bxc6 dxc6 8. Nxe5 Be7 9. d4 Ne6 10. c3 O-O 11. Be3 {[%mdl 32768] [#] Loss on time!?} {Predecessor:} f6 $146 {C80: Open Ruy Lopez: Sidelines and 9 Nbd2.} 12. Nd3 Re8 13. Nd2 Bf8 14. Nf1 Qd7 15. Ng3 Qf7 16. Qb3 Nd8 17. Qxf7+ Kxf7 18. Bf4 Rxe1+ 19. Rxe1 {0-1 (56) Stojanovic,D (2501)-Nabaty,T (2603) Belgrade 2015} 0-1

[Event "Kragero Resort International 2022"]
[Site "Kragero"]
[Date "2022.02.26"]
[Round "7.22"]
[White "Stangl, Anita"]
[Black "Fischer, Daniel"]
[Result "1/2-1/2"]
[WhiteElo "1991"]
[BlackElo "2340"]
[Annotator "NA"]
[PlyCount "107"]
[EventDate "2022.02.23"]
[EventType "swiss"]
[EventCountry "NOR"]
[SourceTitle "playchess.com"]
[Source "ChessBase"]
[SourceQuality "1"]
[TimeControl "5400+30"]

1. e4 {[%emt 0:00:01]} c5 {[%emt 0:02:42]} 2. Nf3 {[%emt 0:00:09]} e6 {[%emt 0:00:03]} 3. d4 {[%emt 0:00:44]} cxd4 {[%emt 0:00:05]} 4. Nxd4 {[%emt 0:00:06]} a6 {[%emt 0:00:03]} 5. Nc3 {[%emt 0:08:43]} Qc7 {[%emt 0:00:06]} 6. g3 {[%emt 0:07:15]} Nf6 {[%emt 0:00:46]} 7. Bg2 {[%emt 0:00:13]} Nc6 {[%emt 0:01:22]} 8. Nb3 {[%emt 0:03:14]} Be7 {[%emt 0:03:36]} 9. Bf4 {[%emt 0:03:12]} d6 {[%emt 0:00:56]} 10. Qd2 {[%emt 0:00:34]} O-O {[%emt 0:00:59]} 11. a4 {[%emt 0:07:21]} Ne5 {[%emt 0:04:15]} 12. Nd1 {[%emt 0:05:55]} (12. Qe2 $11 {keeps the balance.}) 12... Bd7 {[%emt 0:07:27]} 13. O-O {[%emt 0:05:35]} Rac8 {[%emt 0:02:52]} 14. c3 {[%emt 0:02:11]} Bc6 $11 {[%emt 0:11:14]} 15. Re1 {[%emt 0:03:32]} b6 {[%emt 0:02:53]} 16. Qe2 {[%emt 0:03:28]} Bb7 {[%emt 0:01:30]} 17. Bg5 {[%emt 0:11:57]} Rfd8 {[%emt 0:05:17]} 18. Nd4 {[%emt 0:05:51]} h6 {[%emt 0:01:18]} 19. Be3 {[%emt 0:03:23]} Nxe4 {[%emt 0:09:20]} 20. Bxh6 {[%emt 0:04:01]} Nxc3 {[%emt 0:04:28]} 21. bxc3 {[%emt 0:01:02]} gxh6 {[%emt 0:00:22]} 22. f4 {[%emt 0:01:09]} Ng6 {[%emt 0:10:22]} 23. f5 {[%emt 0:03:21]} exf5 {[%emt 0:00:34]} 24. Bxb7 {[%emt 0:03:18]} Qxb7 {[%emt 0:00:05]} 25. Nxf5 {[%emt 0:00:12]} Bf8 {[%emt 0:00:10]} 26. Qd2 {[%emt 0:00:47]} Ne5 {[%emt 0:04:58]} 27. Qg2 {[%emt 0:06:31]} Qxg2+ {[%emt 0:07:56]} 28. Kxg2 {[%emt 0:00:05]} Rc5 {[%emt 0:00:11]} 29. Rb1 {[%emt 0:00:54]} Nc4 {[%emt 0:02:41]} 30. g4 {[%emt 0:00:43]} Re5 {[%emt 0:02:01]} 31. Nde3 {[%emt 0:00:47]} Rde8 {[%emt 0:03:53]} 32. Kf2 {[%emt 0:00:44]} d5 {[%emt 0:03:09]} 33. Nxd5 {[%emt 0:00:56]} Bc5+ {[%emt 0:00:04]} 34. Nd4 {[%emt 0:00:09]} Rxe1 {[%emt 0:00:30]} 35. Rxe1 {[%emt 0:00:08]} Rxe1 {[%emt 0:00:04]} 36. Kxe1 {[%emt 0:00:09]} Nb2 {[%emt 0:02:27]} 37. a5 {[%emt 0:03:21]} bxa5 {[%emt 0:01:27]} 38. Kd2 {[%emt 0:00:02]} Nc4+ {[%emt 0:00:47]} 39. Kc2 {[%emt 0:02:01]} a4 {[%emt 0:00:54]} 40. Nf5 {[%emt 0:00:03]} Kh7 {[%emt 0:00:37]} 41. h4 {[%emt 0:00:26]} Nd6 {[%emt 0:00:58]} 42. Nxd6 {[%emt 0:01:37]} Bxd6 {[%emt 0:00:04]} 43. Nf6+ {[%emt 0:00:03]} Kh8 {[%emt 0:01:11]} 44. Ne4 {[%emt 0:00:23]} Be7 {[%emt 0:00:39]} 45. h5 {[%emt 0:00:40]} Kg7 {[%emt 0:00:27]} 46. c4 {[%emt 0:00:14]} Bb4 {[%emt 0:01:17]} 47. c5 {[%emt 0:00:20]} Bxc5 {[%emt 0:02:18]} 48. Nxc5 {[%emt 0:00:10]} f5 {[%emt 0:00:04]} 49. gxf5 {[%emt 0:02:25]} Kf6 {[%emt 0:00:02]} 50. Nxa4 {[%emt 0:01:11]} Kxf5 {[%emt 0:00:05]} 51. Nc5 {[%emt 0:00:19]} a5 {[%emt 0:00:01]} 52. Nb7 {[%emt 0:00:17]} a4 {[%emt 0:00:04]} 53. Nd6+ {[%emt 0:00:24]} Kg5 {[%emt 0:00:06]} 54. Nf7+ {[%emt 0:00:12]} 1/2-1/2

[Event "Kragero Resort International 2022"]
[Site "Kragero"]
[Date "2022.02.26"]
[Round "7.23"]
[White "Hirneise, Jens"]
[Black "Briem, Stephan"]
[Result "1-0"]
[WhiteElo "2327"]
[BlackElo "2039"]
[Annotator "NA"]
[PlyCount "57"]
[EventDate "2022.02.23"]
[EventType "swiss"]
[EventCountry "NOR"]
[SourceTitle "playchess.com"]
[Source "ChessBase"]
[SourceQuality "1"]
[TimeControl "5400+30"]

1. e4 {[%emt 0:00:02]} e5 {[%emt 0:00:15]} 2. Nf3 {[%emt 0:00:08]} Nf6 {[%emt 0:00:11]} 3. Nxe5 {[%emt 0:00:11]} d6 {[%emt 0:00:16]} 4. Nf3 {[%emt 0:00:04]} Nxe4 {[%emt 0:00:11]} 5. Bd3 {[%emt 0:00:06]} Nc5 {[%emt 0:08:05]} 6. Be2 {[%emt 0:00:05]} d5 {[%emt 0:08:11]} 7. d4 {[%emt 0:00:06]} Ne4 {[%emt 0:04:16]} 8. O-O {[%emt 0:00:05]} Be7 {[%emt 0:01:13]} 9. c4 {[%emt 0:00:07]} c6 {[%emt 0:04:35]} 10. Nc3 {[%emt 0:00:07]} Nxc3 {[%emt 0:04:37]} 11. bxc3 {[%emt 0:00:02]} dxc4 {[%emt 0:04:33]} 12. Bxc4 {[%emt 0:00:28]} Nd7 {[%emt 0:00:28]} 13. a4 {[%emt 0:05:24]} O-O {[%emt 0:02:58]} 14. a5 {[%emt 0:02:04]} Qc7 {[%emt 0:09:36]} 15. Re1 {[%emt 0:04:29]} Bd6 {[%emt 0:01:12]} 16. Bg5 {[%emt 0:02:44]} b5 {[%emt 0:05:44]} 17. Bd3 {[%emt 0:06:39]} h6 $14 {[%emt 0:03:24]} 18. Bh4 {[%emt 0:02:13]} a6 {[%emt 0:07:24]} 19. Qe2 {[%emt 0:01:10]} Bb7 {[%emt 0:08:30]} 20. Qe4 {[%emt 0:01:43]} g6 {[%emt 0:00:45]} 21. Qg4 {[%emt 0:04:01]} Kg7 {[%emt 0:03:46]} 22. Re6 {[%emt 0:06:58]} Rg8 {[%emt 0:10:22]} 23. Rxg6+ {[%emt 0:14:38]} fxg6 {[%emt 0:00:34]} 24. Qxg6+ {[%emt 0:00:04]} Kf8 {[%emt 0:00:16]} 25. Qf5+ {[%emt 0:06:35]} Kg7 {[%emt 0:03:17]} 26. Re1 {[%emt 0:02:23]} Rh8 {[%emt 0:02:51]} 27. Be7 {[%emt 0:05:43]} Ne5 {[%emt 0:02:57]} 28. Qf6+ {[%emt 0:02:43]} Kg8 {[%emt 0:00:10]} 29. Rxe5 {[%emt 0:01:00]} 1-0

[Event "Kragero Resort International 2022"]
[Site "Kragero"]
[Date "2022.02.26"]
[Round "7.24"]
[White "Bjorgvinsson, Andri Freyr"]
[Black "Alinasab, Mobina"]
[Result "0-1"]
[WhiteElo "2096"]
[BlackElo "2325"]
[Annotator "NA"]
[PlyCount "102"]
[EventDate "2022.02.23"]
[EventType "swiss"]
[EventCountry "NOR"]
[SourceTitle "playchess.com"]
[Source "ChessBase"]
[SourceQuality "1"]
[TimeControl "5400+30"]

1. d4 {[%emt 0:00:05]} d5 {[%emt 0:00:23]} 2. c4 {[%emt 0:00:45]} e6 {[%emt 0:00:21]} 3. g3 {[%emt 0:01:21]} Nf6 {[%emt 0:00:16]} 4. Bg2 {[%emt 0:00:10]} dxc4 {[%emt 0:00:10]} 5. Nf3 {[%emt 0:00:11]} c6 {[%emt 0:00:09]} 6. O-O {[%emt 0:01:19]} b5 {[%emt 0:00:15]} 7. a4 {[%emt 0:03:38]} Bb7 {[%emt 0:00:16]} 8. b3 {[%emt 0:00:23]} cxb3 {[%emt 0:00:25]} 9. Qxb3 {[%emt 0:00:06]} a6 {[%emt 0:01:29]} 10. Nc3 {[%emt 0:11:33]} Nbd7 {[%emt 0:09:05]} 11. Rd1 {[%emt 0:05:12]} Be7 {[%emt 0:16:16]} ({Black should play} 11... b4 $15 12. Ne1 a5) 12. Ne5 {[%emt 0:15:48]} Nd5 $11 {[%emt 0:00:42]} (12... b4 $5 {[%cal Rb4c3]} 13. Bg5 a5 $15) 13. Ne4 {[%emt 0:03:02]} Nxe5 {[%emt 0:16:40]} 14. dxe5 {[%emt 0:02:18]} O-O {[%emt 0:00:15]} 15. Nd6 {[%emt 0:13:34]} Qc7 {[%emt 0:08:18]} 16. Ba3 {[%emt 0:02:32]} Nb6 {[%emt 0:19:33]} 17. Rac1 {[%emt 0:11:20]} Nc4 {[%emt 0:08:10]} 18. Nxc4 {[%emt 0:02:30]} bxc4 {[%emt 0:00:07]} 19. Rxc4 {[%emt 0:00:35]} Bxa3 {[%emt 0:00:08]} 20. Qxa3 {[%emt 0:00:04]} Qxe5 {[%emt 0:01:18]} 21. Qb3 {[%emt 0:04:47]} Rab8 {[%emt 0:00:48]} 22. Rb4 {[%emt 0:01:03]} Ba8 {[%emt 0:00:46]} 23. Rxb8 {[%emt 0:01:52]} Rxb8 {[%emt 0:01:42]} 24. Qd3 {[%emt 0:00:06]} Qa5 {[%emt 0:00:14]} 25. Qd6 {[%emt 0:00:09]} Rf8 {[%emt 0:03:14]} 26. Bxc6 {[%emt 0:00:36]} h5 {[%emt 0:00:12]} 27. h4 {[%emt 0:02:36]} Bxc6 {[%emt 0:02:40]} 28. Qxc6 {[%emt 0:00:06]} Rb8 {[%emt 0:00:06]} 29. Qe4 {[%emt 0:06:47]} Qc3 {[%emt 0:03:14]} 30. Qf4 {[%emt 0:04:11]} Rc8 {[%emt 0:05:53]} 31. Rd7 {[%emt 0:05:07]} Qc1+ {[%emt 0:00:11]} 32. Qxc1 {[%emt 0:00:21]} Rxc1+ {[%emt 0:00:03]} 33. Kg2 {[%emt 0:00:06]} Rc4 {[%emt 0:00:08]} 34. Kf3 {[%emt 0:02:00]} Rxa4 {[%emt 0:00:04]} 35. Ra7 {[%emt 0:00:09]} g6 {[%emt 0:00:27]} 36. e3 {[%emt 0:00:31]} Kg7 {[%emt 0:00:08]} 37. Rc7 {[%emt 0:00:52]} Kf6 {[%emt 0:00:11]} 38. Ra7 {[%emt 0:00:30]} e5 {[%emt 0:01:03]} 39. Ra8 {[%emt 0:00:40]} Ke6 {[%emt 0:03:18]} 40. Re8+ {[%emt 0:00:12]} Kf5 {[%emt 0:00:16]} 41. Re7 {[%emt 0:01:15]} f6 {[%emt 0:00:37]} 42. Ra7 {[%emt 0:00:12]} e4+ {[%emt 0:00:18]} 43. Kg2 {[%emt 0:00:03]} Ra2 {[%emt 0:01:35]} 44. Rb7 {[%emt 0:00:09]} Ra4 {[%emt 0:00:31]} 45. Rc7 {[%emt 0:00:37]} g5 {[%emt 0:00:27]} 46. Rc5+ {[%emt 0:00:25]} Kg4 {[%emt 0:00:23]} 47. Rc6 {[%emt 0:00:29]} gxh4 {[%emt 0:00:37]} 48. gxh4 {[%emt 0:00:04]} f5 {[%emt 0:00:28]} 49. Rf6 {[%emt 0:01:54]} a5 {[%emt 0:00:06]} 50. Kf1 {[%emt 0:00:40]} Ra1+ {[%emt 0:00:16]} 51. Ke2 {[%emt 0:00:15]} a4 {[%emt 0:00:07]} 0-1